00750nam a2200253 a 4500001001300000003000900013005001700022008004100039020002300080082001800103100001800121245005300139260004000192300000900232500003500241505001000276650001200286650002900298700001800327902000800345942000700353952011900360999001700479nice12345678IN_TiNIC20260116013808.0050524s1994 newa grp 000 0 eng  a8170200 c32500a954.092bGAN1 aGanguly, Rita aBismillah Khan and Benarasb the Seat of Shehnai aNew DelhibCosmo Publicationsc1994 a157p aincludes index and biblioraphy2 aIndex aShehnai aBismillah Khan-Biography1 aGanguly, Rita bSRS cBK 001040708StackRoom-aHMIbHMId2007-08-01g325.00l0o954.092 GAN1p015681r2007-08-01v325.00w2005-05-24yBK c12548d12548